02269nam a2200313 a 4500001001300000003000900013005001700022008004100039020001800080040002800098041000800126082002000134100002100154245006900175250001200244260006100256300002500317500002200342504006000364505041900424520068500843534010701528650008401635650005501719650006401774650006001838700003501898700002201933C01378804c-2CO-ViMGA20230915225026.0121218s2009 mx a gr 00110 spa d z9786074429565 aCO-ViMGAbspacCO-ViMGA1 heng04a513.93 A79m2211 aArya, Jagdish C.10aMatemáticas aplicadas a la administración y a la economía  a5a. ed. aMéxico : bPearson Educación, Prentice Hall, c2009. axiii, 818 p. : bil. aIncluye índice. aIncluye Apéndices, Soluciones a problemas e Índice.0 aAlgebra - Ecuaciones de una variable - Desigualdades - Líneas rectas - Funciones y sus gráficas - Logaritmos exponenciales - Progresiones matemáticas y financieras - Algebra de matrices - Inversas y determinantes - Programación lineal - La derivada - Cálculo de derivadas - Optimización y bosquejo de curvas - Más sobre derivadas - Integración - La integral definida - Funciones de varias variables aEn esta versión se conservó y reforzó la orientación de las aplicaciones a la administración y la economía, sin descuidar aplicaciones generales a otras áreas, tales como ciencias sociales, biológicas y físicas, a fin de que la obra pueda seguir siendo útil a una amplia gama de estudiantes. Las aplicaciones referidas a estas áreas se han integrado por completo en el desarrollo de la obra; a veces una aplicación particular se utiliza para motivar ciertos conceptos matemáticos; en otros casos, determinado resultado matemático se aplica, ya sea de inmediato o en una sección subsecuente, a un problema concreto, digamos, de análisis empresarial. pTítulo original : tMathematical analysis for business, economics, and the life and social sciences.14aMatemática financierasv Problemas, ejercicios, etc.v Libros electrónicos.14aMatemáticas financierasv Libros electrónicos.14aMatemáticas para administradoresv Libros electrónicos.14aMatemáticas para economistasv Libros electrónicos.1 aIbarra Mercado, Víctor Hugo.1 aLardner, Robin W.